| 000 | 00765nam a22001815i 4500 | ||
|---|---|---|---|
| 001 | 151984 | ||
| 003 | ES-MaACL | ||
| 005 | 20230906204458.0 | ||
| 008 | 040729s1846 fr |||| | fre d | ||
| 040 |
_aCAM _bspa _cCAM |
||
| 100 | 1 |
_aJacobi, E. _9154830 |
|
| 245 | 1 | 0 |
_aDictionnaire mithologique universel ou Biographie mythique des dieux et des personages fabuleux de la Grèce, de l'Italie ... / _couvrage composé sur un plan entièrement neuf par E. Jacobi; traduit de l'allemand, refonfu et complété par Th. Bernard. |
| 260 |
_aParis : _bLibrairie de Firmin Didot Frères, _c1846. |
||
| 300 |
_a515 p. ; _c18 cm. |
||
| 650 | 0 | 4 |
_aMitología- _vDiccionarios. _915093 |
| 700 | 1 |
_aBernard, Th. _9125947 |
|
| 852 |
_aES-MaACL _jD-3554 _z-- Enc. pasta española |
||
| 999 |
_c151984 _d151984 |
||